000 00289nam a2200133 i 4500
001 bg
245 0 _aEingänge und Treppen aus Metall.
260 _aMünchen,
_c1965.
040 _cBPK
041 _apol
080 _a692:691.7
942 _cKS
008 s pl f |000 0 pol
999 _c8730
_d8730
856 _uhttp://koha.tu.koszalin.pl/cgi-bin/koha/opac-detail.pl?biblionumber=8730
_yKatalog online BPK